00704nam a22002417a 4500003000500000005001700005008004100022010000900063011000900072035000900081040000900090100002100099245011200120260007700232300001900309490002000328500001200348650001800360650002100378650002300399700002000422830002000442CHAP20220329133254.0971013s1990 r 00010 d a4146 a5118 a4324 cCHAP00aReed, Michael J. aWheat movements in the United Statesb: interregional flow patterns and transportation requirements in 1985 aUrbana :bUniversity of Illinois. Agricultural Experiment Station,c1990 a52 p.b; mapas aBulletinv; 795 aD52-23014aTrigoxE.U.A.14aTrigoxMercadeo.14aTrigoxTransporte.0 aHill, Lowell D.0 aBulletinv; 795